000 00339 a2200145 4500
999 _c11939
_d11939
003 OSt
005 20240111160050.0
008 240111b ||||| |||| 00| 0 eng d
020 _a9781864703757
082 _a728.72
100 _aAndrew Hall
245 _a21St Century beach houses
260 _bImages Publishing Dist Ac
942 _2ddc